000 01324nam a2200325 i 4500
001 bg
003 KOSZ 005
005 20231109062806.0
008 080927s1957 pl g 001 0 pol
015 _aPB 1957/7692
040 _aWA N
_cKOSZ 005/RW
_dKOSZ 005/RW
041 1 _apol
_hger
080 _a335.5
100 1 _aMarx, Karl
_d(1818-1883)
_eAutor
245 1 0 _aŚwięta rodzina czyli Krytyka krytycznej krytyki :
_bprzeciwko Brunonowi Bauerowi i spółce /
_cK. Marks i F. Engels ; [tł. Tadeusz Kroński, Salomon Filmus].
246 1 _iTyt. oryg.:
_aHeilige Familie oder Kritik der kritischen Kritik.
260 _aWarszawa :
_bKsiążka i Wiedza,
_c1957.
300 _a288 s. ;
_c21 cm.
380 _aKsiążki.
500 _aTyt. oryg.: Die Heilige Familie oder Kritik der kritischen Kritik.
504 _aIndeks.
600 1 4 _aBauer, Bruno
_d(1809-1882)
650 4 _aMarksizm
700 1 _aEngels, Friedrich
_d(1820-1895)
_eAutor
700 1 _aFilmus, Salomon.
_eTłumaczenie
700 1 _aKroński, Tadeusz Juliusz
_d(1907-1958).
_eTłumaczenie
710 2 _aSpółdzielnia Wydawniczo-Handlowa "Książka i Wiedza"
_4pbl.
856 _uhttp://koha.tu.koszalin.pl/cgi-bin/koha/opac-detail.pl?biblionumber=8019
_yKatalog online BPK
942 _2UKD
_cKS
999 _c8019
_d8019